| 000 | 01935nam a22004697a 4500 | ||
|---|---|---|---|
| 003 | CHAP | ||
| 005 | 20220817042344.0 | ||
| 008 | 971013s1962 r 00010 d | ||
| 010 | _a41887 | ||
| 011 | _a42859 | ||
| 035 | _a46989 | ||
| 040 | _cCHAP | ||
| 082 |
_a338.91 _bM97s |
||
| 100 | 0 | 0 |
_aMyrdal, Gunnar. _979959 |
| 245 |
_aSolidaridad o desintegración _b: tendencias actuales de las relaciones económicas internacionales en el mundo no soviético |
||
| 250 | _a2 ed. | ||
| 260 |
_aMéxico, D.F. : _bFondo de Cultura Económica, _c1962 |
||
| 300 | _a454 p | ||
| 500 | _a8c. de 1956, idéntica | ||
| 504 | _aBibliografía: p. 445-450 | ||
| 590 |
_aBATCH-UPD _b10 _c20130109 _lUCH01 _h2344 |
||
| 590 |
_aBATCH-UPD _b10 _c20130110 _lUCH01 _h1247 |
||
| 590 |
_aBATCH-UPD _b10 _c20130410 _lUCH01 _h0810 |
||
| 590 |
_aBATCH-UPD _b10 _c20130914 _lUCH01 _h1835 |
||
| 590 |
_aCONVERSION _b10 _c20130109 _lUCH01 _h1323 |
||
| 650 | 1 | 4 | _aPolítica económica. |
| 650 | 1 | 4 |
_aRelaciones económicas internacionales. _995813 |
| 901 | _aBK | ||
| 942 | _cLIBRO | ||
| 949 |
_a338.91 M97s _bBC _cBPA _d-106952 _eBPA _fc.3 _h6590 _i46989 _si |
||
| 949 |
_a338.91 M97s _bBC _cBPA _d-106953 _eBPA _fc.4 _h6591 _i46989 _si |
||
| 949 |
_a338.91 M97s _bBC _cBPA _d-106954 _eBPA _fc.5 _h6592 _i46989 _si |
||
| 949 |
_a338.91 M97s _bBC _cBPA _d-106955 _eBPA _fc.6 _h6593 _i46989 _si |
||
| 949 |
_a338.91 M97s _bBC _cBPA _d-106956 _eBPA _fc.7 _h6594 _i46989 _si |
||
| 949 |
_a338.91 M97s _bBC _cBPA _d-106957 _eBPA _fc.8 _h6595 _i46989 _si |
||
| 949 |
_a338.91 M97s _bBC _cBPA _d-106958 _eBPA _fc.9 _h6596 _i46989 _si |
||
| 949 |
_a338.91 M97s _bBC _cBPA _d-106959 _eBPA _fc.10 _h6597 _i46989 _si |
||
| 949 |
_a338.91 M97s _bBC _cBPA _d-106960 _eBPA _fc.11 _h6598 _i46989 _si |
||
| 949 |
_a338.91 M97s _bBC _cBPA _d-106961 _eBPA _fc.12 _h6599 _i46989 _si |
||
| 949 |
_a338.91 M97s _bBC _cLIBRO _d33724000110185 _eLIBRO _h6588 _i46989 _si |
||
| 949 |
_a338.91 M97s _bBC _cLIBRO _d33724000110193 _eLIBRO _fc.2 _h6589 _i46989 _si |
||
| 999 |
_c41887 _d41887 |
||